| 000 | 01545nam1a22003371 4500 | ||
|---|---|---|---|
| 001 | v19\rc\2103334 | ||
| 005 | 20111019130831.9 | ||
| 035 | _a(NLR Aleph) 005281099 | ||
| 090 |
_a6099106 _c6099106 |
||
| 100 | _a20090914d1805 |||y0rusy50 ca | ||
| 101 | 1 |
_arus _cfre |
|
| 102 | _aRU | ||
| 105 | _ay z |||a| | ||
| 200 | 1 |
_aФелиция Вильмар, или Изображение человеческой жизни, _eРоман г-на Бланшарда. _fПеревел с французскаго Андрей Чеботарев |
|
| 210 |
_aМосква _cв Университетской типографии, иждивением Любия, Гария и Попова _d1805 |
||
| 215 | _d12° (19 см) | ||
| 300 | _aОбщ. загл. ч. 2: Фелиция Вильмар, роман гна Бланшарда | ||
| 300 | _aЧ. 2-3 пер. Н.Ф. Кошанский | ||
| 321 | 1 | _aСК 1801-1825 678 | |
| 517 | 1 | _aИзображение человеческой жизни | |
| 700 | 1 |
_6z01790 _aБланшар _bП. _f1772-1856 _gПьер |
|
| 702 | 1 |
_aЧеботарев _bА. Х. _f1784-1833 _gАндрей Харитонович _4730 |
|
| 702 | 1 |
_aКошанский _bН. Ф. _fок. 1781-1832 _gНиколай Федорович _3RU\NLR\AUTH\770273264 _4730 |
|
| 790 | 1 |
_6z01700 _aБланшард _f1772-1856 |
|
| 801 | 0 |
_aRU _bNLR _c20090914 _gpsbo |
|
| 801 | 1 |
_aRU _bProSoft-M _c20090914 _2rusmarc |
|
| 801 | 2 |
_aRU _bNLR _c20111019 _2rusmarc |
|
| 852 |
_aNLR _j18.265.4.10 |
||
| 852 |
_aNLR _j138/240 |
||
| 942 | _cBOOK | ||
| 980 | _aNB | ||